Рассказы Н.В. Успенского (Запись № 5400919)

Подробности
000 -МАРКЕР
контрольное поле 02263nam0a22003011 4500
001 - ИДЕНТИФИКАТОР ЗАПИСИ
контрольное поле v19\rc\1348059
005 - ИДЕНТИФИКАТОР ВЕРСИИ
контрольное поле 20260405182130.0
035 ## - ДРУГИЕ СИСТЕМНЫЕ НОМЕРА
Идентификатор записи (NLR Aleph) 005210253
100 ## - ДАННЫЕ ОБЩЕЙ ОБРАБОТКИ
Данные общей обработки 20060512d1861 |||y0rusy50 ca
101 0# - ЯЗЫК РЕСУРСА
Язык текста, звукозаписи и т.д. русский
102 ## - СТРАНА ПУБЛИКАЦИИ ИЛИ ПРОИЗВОДСТВА
Страна публикации Российская Федерация
105 ## - ПОЛЕ КОДИРОВАННЫХ ДАННЫХ: ТЕКСТОВЫЕ МАТЕРИАЛЫ, МОНОГРАФИЧЕСКИЕ
Кодированные данные о монографическом текстовом документе y z |||a|
200 1# - ЗАГЛАВИЕ И СВЕДЕНИЯ ОБ ОТВЕТСТВЕННОСТИ
Основное заглавие Рассказы Н.В. Успенского
Сведения, относящиеся к заглавию [Ч. 1-2]
210 ## - ПУБЛИКАЦИЯ, РАСПРОСТРАНЕНИЕ И ДР.
Место издания, распространения и т.д. Санкт-Петербург
Имя издателя, распространителя и т. д. тип. К. Вульфа
Дата издания, распространения и т.д. 1861
215 ## - ФИЗИЧЕСКАЯ ХАРАКТЕРИСТИКА
Специфическое обозначение материала и объем 332, [4], 232, [1] с.
Размеры 20
309 ## - ПРИМЕЧАНИЯ ОБ ОСНОВНОМ ИСТОЧНИКЕ ИНФОРМАЦИИ И ОБ ОСОБЕННОСТЯХ ПОЛИГРАФИЧЕСКОГО ОФОРМЛЕНИЯ ИЗДАНИЯ
Текст примечания Ч. 2 имеет отд. тит. л.
327 1# - ПРИМЕЧАНИЯ О СОДЕРЖАНИИ
Текст примечания Содерж.: Ч. 1. Старуха. Крестины. Поросенок. Хорошее житье. Сцены из сельского праздника: I. Петровна и Сергеевна. II. Конторщик и садовник. III. Гулянье. Грушка. Змей. Ночь под светлый день. Сельская аптека. Ч. 2. Бобыль. Обед у приказчика. Дорожные сцены. Ужин. Деревенская газета. Вечер. Обоз. Брусилов. Летний день. Зимний вечер. На пути. Проезжий
464 #0 - АНАЛИТИЧЕСКИЙ УРОВЕНЬ
Встроенное поле 2001#$aСтаруха$aКрестины$aПоросенок$aХорошее житье$aСцены из сельского праздника$hI$iПетровна и Сергеевна$hII$iКонторщик и садовник$hIII$iГулянье$aГрушка$aЗмей$aНочь под светлый день$aСельская аптека$aБобыль$aОбед у прикащика$aДорожные сцены$aУжин$aДеревенская газета$aВечер$aОбоз$aБрусилов$aЛетний день$aЗимний вечер$aНа пути$aПроезжий
Заглавие Проезжий
532 10 - РАСШИРЕННОЕ ЗАГЛАВИЕ
Заглавие Рассказы Николая Васильевича Успенского
700 #1 - ИМЯ ЛИЦА - ПЕРВИЧНАЯ ОТВЕТСТВЕННОСТЬ
Графика поля Кириллица
Материалы, к которым относится поле rus
Начальный элемент ввода Успенский
Часть имени, кроме начального элемента ввода Н. В.
Дополнения к именам, кроме дат писатель
Даты 1837-1889
Расширение инициалов личного имени Николай Васильевич
Системный номер авторитетной/нормативной записи 61826
Идентификатор авторитетной/нормативной записи RU\NLR\AUTH\7778898
801 #2 - ИСТОЧНИК ЗАПИСИ
Страна Российская Федерация
Организация NLR
Дата составления 20090723
Источник данных rusmarc
801 #0 - ИСТОЧНИК ЗАПИСИ
Страна Российская Федерация
Организация NLR
Дата составления 20060512
Правила каталогизации psbo
801 #0 - ИСТОЧНИК ЗАПИСИ
Страна Российская Федерация
Организация RuMoRGB
Дата составления 20060512
Источник данных psbo
801 #1 - ИСТОЧНИК ЗАПИСИ
Страна Российская Федерация
Организация ProSoft-M
Дата составления 20060512
Источник данных rusmarc
852 ## - МЕСТОНАХОЖДЕНИЕ И ШИФР ХРАНЕНИЯ
Идентификатор организации NLR
Шифр хранения (Call Number) 18.259.2.1
942 ## - ДОПОЛНИТЕЛЬНЫЕ ЭЛЕМЕНТЫ ЗАПИСИ (АБИС)
Тип экземпляра АБИС Книга
980 ## - КОЛЛЕКЦИЯ
Название коллекции Национальная библиография
Экземпляры
Тип экземпляра Дата поступления Библиотека постоянного хранения Библиотека текущего хранения Место хранения Шифр хранения Штрих-код Статус экземпляра
Книга 26.10.2013 РНБ (Садовая) РНБ (Садовая) Русский книжный фонд -Главное здание, Ленинский читальный зал 18.259.2.1 5210253-10